Wszyscy Finaliści LM - Statystyki

Ogólne statystyki
  • Ten quiz został rozwiązany 112 razy
  • Średni wynik to 45 z 68
Statystyki odpowiedzi
Podpowiedź Odpowiedź % Poprawnych
1961/62 Real Madryt
96%
1963/64 Real Madryt
96%
1980/81 Real Madryt
96%
1984/85 Liverpool
95%
2006/07 Liverpool
95%
2017/18 Liverpool
95%
2021/22 Liverpool
95%
1981/82 Bayern
92%
1986/87 Bayern
92%
1998/99 Bayern
92%
2009/10 Bayern
92%
2011/12 Bayern
92%
2020/21 Manchester City
92%
2008/09 Manchester United
92%
2010/11 Manchester United
92%
1966/67 Inter
91%
1971/72 Inter
91%
2022/23 Inter
91%
1973/74 Atlético Madryt
90%
2013/14 Atlético Madryt
90%
2015/16 Atlético Madryt
90%
2007/08 Chelsea
90%
1972/73 Juventus
90%
1982/83 Juventus
90%
1996/97 Juventus
90%
1997/98 Juventus
90%
2002/03 Juventus
90%
2014/15 Juventus
90%
2016/17 Juventus
90%
2019/20 PSG
88%
1957/58 AC Milan
87%
1992/93 AC Milan
87%
1994/95 AC Milan
87%
2004/05 AC Milan
87%
1960/61 Barcelona
86%
1985/86 Barcelona
86%
1993/94 Barcelona
86%
2012/13 Borussia Dortmund
86%
2018/19 Tottenham
84%
2005/06 Arsenal
83%
1962/63 Benfica
65%
1964/65 Benfica
65%
1967/68 Benfica
65%
1987/88 Benfica
65%
1989/90 Benfica
65%
1999/00 Valencia
63%
2000/01 Valencia
63%
2003/04 Monaco
57%
2001/02 Bayer Leverkusen
55%
1983/84 Roma
45%
1969/70 Celtic
43%
1990/91 Olympique Marsylia
32%
1979/80 Hamburger
26%
1959/60 Eintracht Frankfurt
23%
1956/57 Fiorentina
22%
1988/89 Steaua Bukareszt
22%
1976/77 Borussia Mönchengladbach
20%
1978/79 Malmö
17%
1970/71 Panathinaikos
17%
1965/66 Partizan
16%
1991/92 Sampdoria
14%
1968/69 AFC Ajax
13%
1995/96 AFC Ajax
13%
1955/56 Stade de Reims
12%
1958/59 Stade de Reims
12%
1975/76 Saint-Étienne
10%
1974/75 Leeds United
8%
1977/78 Brugge
1%
Nie znaleziono quizów pasujących do podanych kryteriów
Rozkład punktacji
Procent ludzi z każdym wynikiem
Percentyl według liczby udzielonych odpowiedzi
Twoja historia wyników
Nie rozwiązałeś tego quizu